| 000 | 00594nam a2200241Ia 4500 | ||
|---|---|---|---|
| 003 | OSt | ||
| 005 | 20220912152950.0 | ||
| 006 | a|||||r|||| 00| 0 | ||
| 007 | ta | ||
| 008 | 220909b |||||||| |||| 00| 0 eng d | ||
| 024 | _a27897 | ||
| 037 | _cTextual | ||
| 040 |
_aCSL _beng _cCSL |
||
| 041 | _aeng | ||
| 082 | _aND2,9(a), M2 | ||
| 100 | _aRajan K V Soudara | ||
| 245 | 0 | _aIndias religious art: Ideas and ideals | |
| 260 | _c1982 | ||
| 300 |
_ap. _ccm. |
||
| 650 | _aIndian sculpture | ||
| 942 |
_hND2,9(a), M2 _cTEXL _2CC |
||
| 999 |
_c95072 _d95072 |
||